| 000 | 00931 a2200217 4500 | ||
|---|---|---|---|
| 003 | NUST | ||
| 005 | 20221107135046.0 | ||
| 010 | _a 91017837 | ||
| 020 | _a0673466388 | ||
| 040 | _cNust | ||
| 082 | 0 | 0 | _a512,LIA |
| 100 | 1 |
_aLial, Margaret L. _9102087 |
|
| 245 | 1 | 0 |
_aBeginning algebra / _cMargaret L. Lial, Charles D. Miller, E. John Hornsby, Jr. |
| 260 |
_aNew York, NY : _bHarperCollinsPublishers, _cc1969,1971 |
||
| 300 |
_axviii, 300 p. : _bill. (some col.) ; _c24 cm. |
||
| 505 | _aThe Real Numbers- Properties and Operations (Page-2),Linear Equations and Inequalities (Page-38),Linear Systems (Page-76),Polynomials (Page-114),Factoring (Page-156),Roots and Radicals (Page-184),Rational Numbers and Rational Expressions (Page-204), Quad rations Equations (Page-240). | ||
| 650 | 0 |
_aAlgebra. _98509 |
|
| 700 | 1 |
_aHornsby, E. John. _9102422 |
|
| 700 | 1 |
_aMiller, Charles David, _d1942- _9102088 |
|
| 942 |
_2ddc _cBK _k512,LIA |
||
| 999 |
_c181983 _d181983 |
||